[Event "LAT-ch"]
[Site "Riga"]
[Date "2019.05.04"]
[Round "7"]
[White "Bekasovs, Rihards"]
[Black "Berzinsh, Ivars"]
[Result "0-1"]
[WhiteElo "2164"]
[BlackElo "2220"]
[PlyCount "54"]
[EventDate "2019.04.29"]
[EventType "swiss"]
[EventRounds "9"]
[EventCountry "LAT"]
[SourceTitle "CBM 190 Extra"]
[Source "ChessBase"]
[SourceDate "2019.07.15"]
[SourceVersion "1"]
[SourceVersionDate "2019.07.15"]
[SourceQuality "1"]

1. c4 e5 2. g3 Nc6 3. Bg2 f5 4. Nc3 Nf6 5. d3 Bb4 6. Bd2 0-0 7. a3 Bxc3 8. Bxc3 d6 9. d4 Ne4 10. Bxe4 fxe4 11. dxe5 Be6 12. exd6 cxd6 13. e3 Qg5 14. h4 Qf5 15. Nh3 Bxc4 16. Nf4 Ne5 17. Kd2 Rac8 18. Qa4 a6 19. Rad1 b5 20. Qa5 Bd3 21. Qb4 a5 22. Qb3+ Bc4 23. Qc2 b4 24. axb4 axb4 25. Bxe5 dxe5 26. Nh3 b3 27. Qc3 Rfd8+ 0-1

[Event "LAT-ch"]
[Site "Riga"]
[Date "2019.05.04"]
[Round "8"]
[White "Berzinsh, Ivars"]
[Black "Jazdanovs, Aleksandrs"]
[Result "1/2-1/2"]
[WhiteElo "2220"]
[BlackElo "2134"]
[PlyCount "118"]
[EventDate "2019.04.29"]
[EventType "swiss"]
[EventRounds "9"]
[EventCountry "LAT"]
[SourceTitle "CBM 190 Extra"]
[Source "ChessBase"]
[SourceDate "2019.07.15"]
[SourceVersion "1"]
[SourceVersionDate "2019.07.15"]
[SourceQuality "1"]

1. e4 c5 2. Nc3 d6 3. f4 g6 4. d4 cxd4 5. Qxd4 Nf6 6. e5 Nc6 7. Bb5 dxe5 8. Bxc6+ bxc6 9. Qxd8+ Kxd8 10. fxe5 Nd5 11. Bd2 Bg7 12. Nf3 Bg4 13. 0-0-0 Bxf3 14. gxf3 Bxe5 15. Nxd5 cxd5 16. Ba5+ Ke8 17. Rxd5 f6 18. c4 Kf7 19. h3 h5 20. Kc2 h4 21. b4 Rh5 22. f4 Bxf4 23. Rxh5 gxh5 24. c5 a6 25. a4 e5 26. Kd3 Ke6 27. Kc4 e4 28. Rd1 e3 29. c6 f5 30. Bb6 e2 31. Re1 Kd6 32. Rxe2 Kxc6 33. Bc5 Bc7 34. Re6+ Kb7 35. Re7 Rd8 36. Be3 Kc8 37. Rf7 Re8 38. Bd4 f4 39. b5 axb5+ 40. axb5 Re6 41. Rf5 Rh6 42. Bc5 Kb7 43. Rf7 Kc8 44. Kd5 Rg6 45. Rf5 Rh6 46. Rf8+ Kb7 47. Rf7 Kc8 48. Rf5 Kb7 49. Rf7 Kc8 50. Be7 Rb6 51. Kc5 Re6 52. Bf6 f3 53. Bd4 Rg6 54. Rxf3 Bb6+ 55. Kc4 Bxd4 56. Kxd4 Rg5 57. Rc3+ Kb7 58. Rc5 Rxc5 59. Kxc5 Kc7 1/2-1/2

[Event "Liepajas Rokade op"]
[Site "Liepaja"]
[Date "2018.08.03"]
[Round "6"]
[White "Meskovs, Nikita"]
[Black "Berzinsh, Ivars"]
[Result "1-0"]
[WhiteElo "2524"]
[BlackElo "2220"]
[PlyCount "58"]
[EventDate "2018.08.02"]
[EventType "swiss (rapid)"]
[EventRounds "13"]
[EventCountry "LAT"]
[SourceTitle "CBM 185 Extra"]
[Source "ChessBase"]
[SourceDate "2018.07.29"]
[SourceVersion "1"]
[SourceVersionDate "2018.07.29"]
[SourceQuality "1"]

1. d4 d6 2. Nf3 Nc6 3. Bf4 Bg4 4. d5 Nb8 5. Nc3 Nf6 6. h3 Bf5 7. g4 e5 8. gxf5 exf4 9. Qd4 Nh5 10. 0-0-0 Nd7 11. h4 a6 12. Bh3 Qf6 13. Qa4 0-0-0 14. Bg4 g6 15. Ne4 Qe7 16. Bxh5 gxh5 17. Qd4 Bh6 18. f6 Qe8 19. Rd3 Ne5 20. Rb3 Nxf3 21. exf3 b6 22. a4 Qe5 23. Qc4 Kb7 24. Qc6+ Kb8 25. Qc4 Kb7 26. a5 Qe8 27. axb6 cxb6 28. Qb4 Qb5 29. Nxd6+ Rxd6 1-0

[Event "Liepajas Rokade op"]
[Site "Liepaja"]
[Date "2015.08.06"]
[Round "2"]
[White "Berzinsh, Ivars"]
[Black "Aleksandrov, Aleksej"]
[Result "1-0"]
[WhiteElo "2220"]
[BlackElo "2619"]
[PlyCount "61"]
[EventDate "2015.08.06"]
[EventType "swiss (rapid)"]
[EventRounds "13"]
[EventCountry "LAT"]
[SourceTitle "CBM 167 Extra"]
[Source "ChessBase"]
[SourceDate "2015.09.14"]
[SourceVersion "1"]
[SourceVersionDate "2015.09.14"]
[SourceQuality "1"]

1. e4 e5 2. Nf3 Nc6 3. Bc4 Bc5 4. 0-0 Nf6 5. d4 Bxd4 6. Nxd4 Nxd4 7. Bg5 d6 8. f4 Be6 9. Na3 Qe7 10. fxe5 dxe5 11. c3 Bxc4 12. Nxc4 Ne6 13. Bxf6 gxf6 14. Kh1 h5 15. Ne3 Qc5 16. Qd2 Rd8 17. Nd5 Kd7 18. b4 Qd6 19. Qf2 c6 20. Rad1 Qb8 21. Qxf6 cxd5 22. Qxf7+ Kc6 23. Qxe6+ Qd6 24. exd5+ Kb5 25. Qf7 Rd7 26. Qf2 Ka6 27. c4 b6 28. c5 bxc5 29. bxc5 Qg6 30. Qe2+ Ka5 31. Rb1 1-0

[Event "EU-ch rapid"]
[Site "Wroclaw"]
[Date "2014.12.20"]
[Round "4"]
[White "Berzinsh, Ivars"]
[Black "Stopa, Jacek"]
[Result "0-1"]
[WhiteElo "2181"]
[BlackElo "2521"]
[PlyCount "90"]
[EventDate "2014.12.20"]
[EventType "swiss (rapid)"]
[EventRounds "11"]
[EventCountry "POL"]
[SourceTitle "CBM 164 Extra"]
[Source "ChessBase"]
[SourceDate "2015.03.02"]
[SourceVersion "1"]
[SourceVersionDate "2015.03.02"]
[SourceQuality "1"]

1. e4 e5 2. Nf3 Nc6 3. Bb5 a6 4. Bxc6 dxc6 5. d4 exd4 6. Qxd4 Qxd4 7. Nxd4 Bd7 8. Be3 Ne7 9. Nc3 0-0-0 10. 0-0-0 Ng6 11. h3 h5 12. f4 f6 13. Nf5 h4 14. Ne2 Re8 15. Nc3 Bxf5 16. exf5 Ne7 17. Bc5 Nxf5 18. Bxf8 Rhxf8 19. Rhe1 b6 20. Ne4 Re6 21. Nd2 Rfe8 22. Rxe6 Rxe6 23. Nf3 Re4 24. Re1 Rxf4 25. Kd2 Kd7 26. Kd3 c5 27. b3 Nd6 28. c4 g5 29. a4 Nf5 30. Re2 a5 31. Re1 Nd4 32. Nxd4 cxd4 33. c5 bxc5 34. Kc4 Kd6 35. Re8 Rf2 36. Ra8 Rc2+ 37. Kd3 Rxg2 38. Rxa5 Rg3+ 39. Kc2 Rxh3 40. Ra6+ c6 41. Ra7 c4 42. b4 Rh2+ 43. Kc1 c3 44. Ra8 Kd5 45. Rc8 d3 0-1

[Event "Keres Memorial rap qual 20th"]
[Site "Tallinn"]
[Date "2011.01.08"]
[Round "6"]
[White "Berzinsh, Ivars"]
[Black "Burmakin, Vladimir"]
[Result "0-1"]
[WhiteElo "2224"]
[BlackElo "2603"]
[PlyCount "114"]
[EventDate "2011.01.07"]
[EventType "swiss"]
[EventRounds "7"]
[EventCountry "EST"]
[SourceTitle "CBM 140 Extra"]
[Source "ChessBase"]
[SourceDate "2011.03.01"]
[SourceVersion "1"]
[SourceVersionDate "2011.03.01"]
[SourceQuality "1"]

1. e4 c6 2. Nc3 d5 3. Nf3 g6 4. exd5 cxd5 5. d4 Bg7 6. Bf4 Nf6 7. Qd2 0-0 8. Bh6 Nc6 9. Bxg7 Kxg7 10. 0-0-0 Bg4 11. Be2 Rc8 12. Ne5 Bxe2 13. Qxe2 Qa5 14. f3 Nb4 15. Qe3 Nxa2+ 16. Nxa2 Qxa2 17. Qa3 Qxa3 18. bxa3 Rc7 19. Kd2 Rfc8 20. Rc1 Rc3 21. a4 Ne8 22. Rhe1 e6 23. Re3 Rxe3 24. Kxe3 Nd6 25. Kd3 Nc4 26. Nxc4 Rxc4 27. Rb1 Rc7 28. f4 h5 29. g3 Kf6 30. h3 Kf5 31. Re1 b6 32. Re5+ Kf6 33. g4 hxg4 34. hxg4 Rc4 35. g5+ Ke7 36. a5 b5 37. Re1 Ra4 38. Rb1 a6 39. Kc3 Rxa5 40. Kb3 Ra4 41. c3 a5 42. Rh1 Rc4 43. Ra1 a4+ 44. Kc2 Kd6 45. Kd3 Kc6 46. Rh1 b4 47. cxb4 Rxb4 48. Rc1+ Kb7 49. Rc5 Rb3+ 50. Ke2 a3 51. Ra5 Kb6 52. Ra4 Rh3 53. Ra8 Kb5 54. Ra7 Kb4 55. Rxf7 a2 56. Rb7+ Kc3 57. Ra7 Kb2 0-1

[Event "EU-ch rapid"]
[Site "Warsaw"]
[Date "2010.12.19"]
[Round "13"]
[White "Tazbir, Marcin"]
[Black "Berzinsh, Ivars"]
[Result "1-0"]
[WhiteElo "2527"]
[BlackElo "2224"]
[PlyCount "85"]
[EventDate "2010.12.18"]
[EventType "swiss (rapid)"]
[EventRounds "13"]
[EventCountry "POL"]
[SourceTitle "CBM 139 Extra"]
[Source "ChessBase"]
[SourceDate "2011.01.05"]
[SourceVersion "1"]
[SourceVersionDate "2011.01.05"]
[SourceQuality "1"]

1. e4 c5 2. Nc3 e6 3. g3 Nc6 4. Nf3 g6 5. d4 cxd4 6. Nxd4 a6 7. Nxc6 bxc6 8. Qd4 Nf6 9. Bg5 Be7 10. e5 Nd5 11. Bxe7 Qxe7 12. Ne4 Qb4+ 13. Qxb4 Nxb4 14. Kd2 Nd5 15. c4 Nc7 16. Kc3 Ke7 17. Bg2 Ne8 18. Rad1 f6 19. f4 Rb8 20. b3 fxe5 21. fxe5 Rf8 22. Rhe1 Rf5 23. Nc5 d6 24. exd6+ Nxd6 25. Nd3 Bd7 26. Re2 Rbf8 27. Rde1 Nb7 28. g4 R5f6 29. Ne5 Rf2 30. Nxc6+ Kd6 31. Rd1+ Kc7 32. Ne5 Nc5 33. Rxf2 Rxf2 34. Rd2 Rxd2 35. Kxd2 Kd6 36. Nxd7 Nxd7 37. h3 Ke5 38. b4 Kd4 39. c5 e5 40. c6 Nb6 41. c7 e4 42. Bf1 e3+ 43. Ke1 1-0

[Event "Warsaw AIG Life rapid 8th"]
[Site "Warsaw"]
[Date "2008.12.20"]
[Round "4"]
[White "Nurkiewicz, Maciej"]
[Black "Berzinsh, Ivars"]
[Result "1-0"]
[WhiteElo "2380"]
[BlackElo "2209"]
[PlyCount "89"]
[EventDate "2008.12.20"]
[EventType "swiss (rapid)"]
[EventRounds "13"]
[EventCountry "POL"]
[SourceTitle "CBM 127 Extra"]
[Source "ChessBase"]
[SourceDate "2009.01.08"]
[SourceVersion "2"]
[SourceVersionDate "2009.01.28"]
[SourceQuality "1"]

1. c4 e6 2. g3 d5 3. Bg2 c6 4. b3 dxc4 5. bxc4 Qd4 6. Nc3 Qxc4 7. Nf3 Qa6 8. 0-0 Qa5 9. Bb2 Ba3 10. Qb3 Bxb2 11. Qxb2 Nf6 12. d4 Nbd7 13. e4 e5 14. Kh1 0-0 15. Rad1 Re8 16. Rfe1 Qb6 17. Qd2 exd4 18. Nxd4 Ne5 19. Rb1 Qc7 20. Rec1 Qe7 21. Qe2 Bg4 22. f3 Rad8 23. Rd1 Bc8 24. h3 h6 25. f4 Ng6 26. e5 Qc5 27. Qd3 Nh5 28. Ne4 Qe7 29. Qf3 c5 30. Nb5 Nxe5 31. Qxh5 Nc6 32. Nbd6 f5 33. Nxc8 Rxc8 34. Nd6 Nd4 35. Nxc8 Rxc8 36. Rxb7 Qf6 37. Re1 c4 38. Re8+ Rxe8 39. Qxe8+ Kh7 40. Bd5 h5 41. Qg8+ Kh6 42. Qh8+ Kg6 43. Bf7+ Qxf7 44. Rxf7 Kxf7 45. Qc8 1-0

[Event "LAT-EST m"]
[Site "Riga"]
[Date "2002.08.31"]
[Round "?"]
[White "Soot, Margus"]
[Black "Berzinsh, Ivars"]
[Result "1-0"]
[WhiteElo "2072"]
[BlackElo "2236"]
[PlyCount "65"]
[EventDate "2002.08.31"]
[EventType "team"]
[EventRounds "1"]
[EventCountry "LAT"]
[SourceTitle "CBM 090 Extra"]
[Source "ChessBase"]
[SourceDate "2002.11.07"]
[SourceVersion "1"]
[SourceVersionDate "2002.11.07"]
[SourceQuality "1"]

1. e4 Nc6 2. Nc3 d6 3. g3 e5 4. Bg2 Nf6 5. Nge2 h5 6. h3 Nd4 7. d3 h4 8. g4 Nxg4 9. hxg4 Bxg4 10. Bh3 Bf3 11. Rg1 d5 12. Kf1 dxe4 13. Bg5 f6 14. Be3 f5 15. dxe4 Nxe2 16. Nxe2 f4 17. Bd2 Qf6 18. c4 Bxe4 19. Bxf4 Rd8 20. Qe1 Bc5 21. Bg5 Qf7 22. Bxd8 0-0 23. Bxh4 Qh5 24. Be6+ Kh8 25. Ng3 Bd3+ 26. Kg2 Qf3+ 27. Kh2 Qf4 28. Rh1 Bxf2 29. Qd1 Bh7 30. Qg4 Qh6 31. Rad1 Bg8 32. Bf5 g6 33. Bxg6 1-0

[Event "Tallinn"]
[Site "Tallinn"]
[Date "1996.??.??"]
[Round "3"]
[White "Shishkov, Andrei"]
[Black "Berzinsh, Ivars"]
[Result "1-0"]
[WhiteElo "2135"]
[BlackElo "2240"]
[PlyCount "43"]
[EventDate "1996.??.??"]
[EventType "tourn"]
[EventRounds "9"]
[EventCountry "EST"]
[EventCategory "2"]
[SourceTitle "EXT 2000"]
[Source "ChessBase"]
[SourceDate "1999.11.16"]
[SourceVersion "1"]
[SourceVersionDate "1999.11.16"]
[SourceQuality "1"]

1. d4 Nf6 2. c4 e6 3. Nc3 Bb4 4. Qc2 c5 5. dxc5 0-0 6. a3 Bxc5 7. Nf3 d5 8. cxd5 exd5 9. Bg5 Bb6 10. e3 Ne4 11. Bd3 Nxg5 12. Nxg5 h6 13. Nf3 Be6 14. Rd1 Bg4 15. 0-0 Be6 16. Nxd5 Qd6 17. Nc3 Qe7 18. Nd4 Nc6 19. Nxe6 Qxe6 20. Bf5 Qe5 21. Rd5 Qb8 22. Rfd1 1-0